Los puentes de la vida : (Record no. 23593)

000 -CABECERA
fixed length control field 00977nam a22002897i 4500
003 - IDENTIFICADOR DEL NÚMERO DE CONTROL
control field AR-CdUCM
008 - DATOS DE LONGITUD FIJA--INFORMACIÓN GENERAL
fixed length control field 260406b20232023 pe |||| |||| 00| 0 spa d
020 ## - NÚMERO INTERNACIONAL ESTÁNDAR DEL LIBRO
ISBN 978-612-5112-77-4
040 ## - FUENTE DE LA CATALOGACIÓN
Agencia/entidad que catalogó originalmente la obra MUNICIPALIDAD PROVINCIAL DEL CUSCO
Entidad que transcribió la catalogación BIBLIOTECA MUNICIPAL DEL CUSCO
082 ## - NÚMERO DE LA CLASIFICACIÓN DECIMAL DEWEY
No. de Clasificación 158.1
Notacion interna B34
100 ## - ENTRADA PRINCIPAL--NOMBRE DE PERSONA
Nombre Personal Becerra, Hawi H.
245 ## - MENCIÓN DE TÍTULO
Título Los puentes de la vida :
Resto del título Crea un cambio positivo en ti y haz realidad tus sueños /
300 ## - DESCRIPCIÓN FÍSICA
Nº de Páginas Extensión 277 páginas. :
Dimensiones 23x15 cm.
505 ## - NOTA DE CONTENIDO CON FORMATO
Nota de contenido formateada Puente elevado -- Ego -- Perspectiva -- Cruzar los puentes -- No rendirse -- Zona de confort -- Camino plano -- Tensores de tu puente
650 ## - PUNTO DE ACCESO ADICIONAL DE MATERIA--TÉRMINO DE MATERIA
Descriptor Rendirse
9 (RLIN) 52528
650 ## - PUNTO DE ACCESO ADICIONAL DE MATERIA--TÉRMINO DE MATERIA
Descriptor Fracasos
9 (RLIN) 52529
650 ## - PUNTO DE ACCESO ADICIONAL DE MATERIA--TÉRMINO DE MATERIA
Descriptor Críticas
9 (RLIN) 28278
650 ## - PUNTO DE ACCESO ADICIONAL DE MATERIA--TÉRMINO DE MATERIA
Descriptor Miedos
9 (RLIN) 52530
650 ## - PUNTO DE ACCESO ADICIONAL DE MATERIA--TÉRMINO DE MATERIA
Descriptor Excusas
9 (RLIN) 52531
650 ## - PUNTO DE ACCESO ADICIONAL DE MATERIA--TÉRMINO DE MATERIA
Descriptor Escalera
9 (RLIN) 52532
650 ## - PUNTO DE ACCESO ADICIONAL DE MATERIA--TÉRMINO DE MATERIA
Descriptor Metas
9 (RLIN) 52533
650 ## - PUNTO DE ACCESO ADICIONAL DE MATERIA--TÉRMINO DE MATERIA
Descriptor Tenacidad
9 (RLIN) 52534
856 ## - LOCALIZACIÓN Y ACCESO ELECTRÓNICOS
Dirección electrónica www.grupoigneo.com
942 ## - ELEMENTOS DE PUNTO DE ACCESO ADICIONAL (KOHA)
Fuente de clasificación
Tipo de item Libros-BMC
945 ## - PROCESAMIENTO DE INFORMACIÓN LOCAL (OCLC)
Catalogador pbjr
AAAA-MM-DD - Fecha de ingreso o modificacion 06-04-2026
Holdings
Estado de retiro (separado) Fuente de clasificación o esquema de estanterías Estado dañado Ubicación Sala donde se ubica Nombre de la colección Fecha de adquisición o compra Fuente de adquisición Costo, precio normal en soles Signatura topográfica Código de Barras Última vez visto (Koha) Tipo de ítem (Koha)
No     Administrador-biblioteca Administrador-biblioteca Book Cart 2026-04-06     158.1 / B34 / e.2 SH0000017069 2026-04-06 Libros-BMC
No     Sala Humanidades Sala Humanidades Book Cart 2026-04-06 Donación 30.00 158.1 / B34 SH0000017068 2026-04-06 Libros-BMC

Powered by Koha